History Quiz

Random History or Art Quiz

World Museums Quiz Stats

 Plays Quiz Updated Mar 22, 2019

Score 0/20 Timer 07:00
1 Play Today
Notable Work Museum % Correct
da Vinci's 'Mona Lisa'Musee du Louvre
90.3%
Warhol's 'Campbell's Soup Cans'Museum of Modern Art
59.3%
The Temple of DendurMetropolitan Museum of Art
55.2%
The Rosetta StoneThe British Museum
51.6%
Georgia O'Keeffe's 'Only One'Smithsonian American Art Museum
50.8%
The building itself by Frank Lloyd WrightThe Solomon R. Guggenheim Museum
49%
Michelangelo 's 'The Sistine Chapel'The Vatican Museums
47.5%
Botticelli's 'The Birth of Venus'Galleria Degli Uffizi
39.1%
J M W Turner's 'The Golden Bough'Tate Britain
36.9%
Velázquez's 'Las Meninas'Museo del Prado
35.1%
Notable Work Museum % Correct
Whistler's 'Arrangement in Grey and Black: The Artist's Mother'Musée d'Orsay
29.3%
Ramesses II's peace treaty with the HittitesHermitage Museum
27%
van Gogh's 'Irises'J. Paul Getty Museum
24%
Rembrandt's 'The Night Watch'Rijksmuseum Amsterdam
20.4%
Gilbert Stuart's 'Lansdowne Portrait'National Portrait Gallery
14.1%
Royal Mummy RoomMuseum of Egyptian Antiquities
12.4%
Michelangelo's 'David'Accademia di Belle Arti Firenze
11.3%
Dead Sea scrollsThe Israel Museum
6.5%
Durer CollectionKunsthistorisches Museum
3.1%
The Antikensammlung (Collection of Classical Antiquities)The Altes Museum
3%

You're not logged in!

Compare scores with friends on all Sporcle quizzes.
OR
Log In

Sporcle TV

Today on Sporcle TV


Watch our educational content, quiz creation guides, and fun videos on Sporcle TV.

Show Comments

Extras

Top Quizzes Today


Score Distribution

Your Account Isn't Verified!

In order to create a playlist on Sporcle, you need to verify the email address you used during registration. Go to your Sporcle Settings to finish the process.

Report this User

Report this user for behavior that violates our Community Guidelines.

Details: